Informačné zdroje Eurostatu a ich marketingové využitie
Eurostat - európsky štatistický systém, jeho úloha. Štrukturálne indikátory. Euro indikátory. Indikátory trvaloudržateľného rozvoja. Indikátory zamestnanosti a sociálnej politiky.
Salvato in:
| Autore principale: | |
|---|---|
| Natura: | Capitolo di libro |
| Lingua: | slovacco |
| Soggetti: | |
| Tags: |
Nessun Tag, puoi essere il primo ad aggiungerne!!
|
MARC
| LEADER | 00000naa$a2200000$$$4500 | ||
|---|---|---|---|
| 001 | 0107653 | ||
| 005 | 20240502072204.2 | ||
| 041 | 0 | |a slo | |
| 044 | |a SK | ||
| 245 | 1 | 0 | |a Informačné zdroje Eurostatu a ich marketingové využitie |c Michal Kraus |
| 520 | |a Eurostat - európsky štatistický systém, jeho úloha. Štrukturálne indikátory. Euro indikátory. Indikátory trvaloudržateľného rozvoja. Indikátory zamestnanosti a sociálnej politiky. | ||
| 610 | 2 | 0 | |a Európska únia |
| 610 | 2 | 0 | |a štatistika |
| 610 | 2 | 0 | |a ukazovatele štatistické |
| 100 | 1 | |a Kraus, Michal | |